000 00541nam a2200205Ia 4500
003 GCL
008 140319s9999 xx 000 0 eng d
040 _aGCL /
_cGCL
082 0 4 _aCC
_b932
_bG F
100 1 _aGANERI, ANITA
245 1 0 _aFOCUS ON ANCIENT EGYPTIANS /
_cGANERI, ANITA
260 _a[S.N] :
_bGLOUCESTER PRESS ،
_c1995
300 _a32
650 0 4 _aANCIENT EGYPT
650 0 4 _aPYRAMIDS
650 0 4 _aANCIENT EGYPTIAN
650 0 4 _aANCIENT EGYPTIAN, RELIGION
650 0 4 _aANCIENT EGYPTIAN LANGUAGE
942 _2ddc
_cBK
999 _c25515
_d25515